| 000 | 00732 a2200169 4500 | ||
|---|---|---|---|
| 003 | Nust | ||
| 005 | 20170207153340.0 | ||
| 040 | _cNust | ||
| 082 | _a329.9 | ||
| 100 | _aKarpat, Kemal H. | ||
| 245 |
_aTurkey’s politics; the transition to a multi-party system _cKemal H. Karpat |
||
| 260 |
_aPrinceton _bPrinceton University Press _c1959 |
||
| 300 | _axii, 522 p. | ||
| 505 | _aBackground: The Beginning Of Transformation (Page-3), The Struggle For The Establishment Of A Multi Party System: 1946-1950 (Page-137), A New Stage Of Development And New Problems : Ideological And Behavioral Transformation And Party Structure In Turkey After 1946 (Page-245) | ||
| 538 | _aAlmirah No.51 ,Shelf No.1 | ||
| 650 | _aPolitical parties --Turkey. | ||
| 942 |
_2ddc _cBK |
||
| 999 |
_c184265 _d184265 |
||